Top 15 kriminellste Länder der Welt - Statistiken

Allgemein
  • Dieses Quiz wurde 72 mal gespielt
  • Das Durchschnittsergebnis liegt bei 8 aus 15
Antwortstatistiken
Rang Bewertung Kontinent Einwohner Land % Korrekt
2 80,4% Südamerika 28 Mio Venezuela
84%
12 66,7% Afrika 105 Mio Demokratische Republik Kongo
72%
3 80,1% Nordamerika 11,5 Mio Haiti
72%
6 71,9% Nordamerika 10,5 Mio Honduras
72%
13 66,2% Afrika 230 Mio Nigeria
70%
11 66,9% Südamerika 34 Mio Peru
61%
4 74,8% Asien 42 Mio Afghanistan
56%
1 80,9% Ozeanien 10 Mio Papua-Neuguinea
53%
10 66,9% Südamerika 0.8 Mio Guyana
50%
9 67,4% Nordamerika 2.8 Mio Jamaika
48%
5 74,5% Afrika 62 Mio Südafrika
48%
15 65,5% Afrika 37 Mio Angola
38%
14 65,7% Afrika 29 Mio Kamerun
38%
8 67,5% Asien 23 Mio Syrien
38%
7 71,2% Nordamerika 1.4 Mio Trinidad & Tobago
2%
Keine übereinstimmenden Quizze gefunden
Verteilung der Resultate
Anzahl Personen mit jedem Resultat
Perzentil nach korrekt beantworteten Fragen
Ihre Resultats-Entwicklung
Sie haben dieses Quiz noch nicht gespielt